Quizz sur l'Architecture - Statistiques

Statistiques générales
  • Ce quiz a été pris 446 fois
  • Le résultat moyen est 7 sur 20
Statistiques - réponses
Question Reponse % Correct
Qui a conçu la Tour Eiffel ? Gustave Eiffel
100%
Quel est le nom de l’architecte qui a conçu la Sagrada Família à Barcelone ? Antoni Gaudí
68%
Quel architecte est célèbre pour ses œuvres de style Art Nouveau, comme la Casa Batlló à Barcelone ? Antoni Gaudí
68%
Quel architecte est connu pour ses œuvres modernistes comme la Villa Savoye ? Le Corbusier
68%
Quel architecte est célèbre pour ses maisons de style Prairie, comme la Maison de la Cascade ?
Frank Lloyd Wright
49%
Quel architecte a conçu le Fallingwater, une maison construite au-dessus d’une cascade ? Frank Lloyd Wright
49%
Quel bâtiment est considéré comme l’un des exemples les plus célèbres de l’architecture gothique ? La Cathédrale Notre-Dame de Paris
46%
Quel bâtiment est célèbre pour son toit en forme de voiles, situé à Sydney ? L’Opéra de Sydney
44%
Quel bâtiment est connu pour ses jardins suspendus, l’une des Sept Merveilles du Monde antique ? Les Jardins suspendus de Babylone
39%
Quel bâtiment est célèbre pour son dôme en béton non armé, situé à Rome ? Le Panthéon
37%
Quel architecte a conçu le musée Guggenheim à Bilbao ? Frank Gehry
35%
Quel architecte a conçu la pyramide du Louvre à Paris ? I. M. Pei
24%
Quel mouvement architectural est associé à des formes géométriques simples et des surfaces sans ornements ? Le Bauhaus
19%
Quel style architectural est caractérisé par des colonnes et des frontons, souvent utilisé dans les temples grecs ? Le style dorique
17%
Quels architectes ont conçu le Centre Pompidou à Paris ? Renzo Piano et Richard Rogers
15%
Quel architecte est connu pour ses gratte-ciel comme le Seagram Building à New York ? Ludwig Mies van der Rohe
14%
Quel style architectural est caractérisé par des arcs en plein cintre et des voûtes en berceau, souvent utilisé dans les églises médiévales ? Le style roman
10%
Quel architecte est connu pour ses œuvres de style déconstructiviste, comme le Musée juif de Berlin ? Daniel Libeskind
4%
Quel architecte est connu pour ses œuvres futuristes comme le Terminal TWA à l’aéroport JFK de New York ? Eero Saarinen
4%
Quel est le nom de l’architecte qui a conçu le Taj Mahal ? Ustad Ahmad Lahauri
1%
Aucun quiz correspondant
Distribution des résultats
% des personnes avec chaque résultat
Percentile par nombre de réponses
Votre historique - résultats
Vous n’avez pas pris ce quiz